09 栃木県の市町村 人口順 - Statistics

General Stats
  • This quiz has been taken 6 times
  • The average score is 23 of 25
Answer Stats
順位 人口 市町村 % Correct
1 511,106 宇都宮市
100%
2 165,955 小山市
100%
3 148,789 栃木市
100%
4 136,919 足利市
100%
5 112,996 那須塩原市
100%
6 110,830 佐野市
100%
7 89,653 鹿沼市
100%
8 76,208 真岡市
100%
9 71,700 日光市
100%
10 68,753 大田原市
100%
11 58,751 下野市
100%
12 43,919 さくら市
100%
14 29,991 上三川町
100%
15 29,051 矢板市
100%
19 22,262 那須烏山市
100%
13 38,354 壬生町
83%
16 28,486 高根沢町
83%
17 24,157 野木町
83%
18 22,528 那須町
83%
20 20,342 益子町
83%
21 14,554 芳賀町
83%
22 13,364 那珂川町
83%
23 10,490 茂木町
83%
24 10,466 市貝町
83%
25 9,082 塩谷町
67%
No matching quizzes found
Score Distribution
Percent of People with Each Score
Percentile by Number Answered
Your Score History
You have not taken this quiz